Liedtext Digimon - Wenn das Feuer in dir brennt - Statistiken

Allgemein
  • Dieses Quiz wurde 42 mal gespielt
    36 seit der letzten Aktualisierung
  • Das Durchschnittsergebnis liegt bei 247 aus 294
Antwortstatistiken
Antwort % Korrekt
an
100%
brennt
100%
brennt)
100%
Das
100%
das
100%
(Das
100%
dass
100%
der
100%
die
100%
dir
100%
du
100%
Du
100%
Feuer
100%
in
100%
ist
100%
und
100%
wenn
100%
Wenn
100%
wir
100%
bis
95%
dein
95%
deine
95%
Deine
95%
Es
95%
hast
95%
immer
95%
Kampf
95%
kommt
95%
Augen
89%
dem
89%
denn
89%
Denn
89%
schon
89%
uns
89%
wie
89%
beginnt
84%
bist
84%
deinen
84%
dich
84%
Erde
84%
explodieren
84%
explodier´n
84%
ganze
84%
gewinnst
84%
Grenzen
84%
Kraft
84%
sehen
84%
seh´n
84%
Weg
84%
weiter
84%
bald
79%
für
79%
gehen
79%
kannst
79%
Moment
79%
Mut
79%
Tag
79%
wird
79%
wirst
79%
Ziel
79%
zu
79%
bereit
74%
ein
74%
eine
74%
niemals
74%
nur
74%
Richtung
74%
siehst
74%
Signal
74%
unter
74%
Abenteuer
68%
bleib
68%
führt
68%
Licht
68%
spürst
68%
überwinden
68%
zum
68%
alle
63%
Antwort
63%
Fahr
63%
finden
63%
Freunde
63%
Horizont
63%
stehen
63%
trennt
63%
weil
63%
zerbricht
63%
grenzenlos
58%
musst
53%
so
53%
auf
47%
Zeit
47%
längst
42%
weißt
37%
Vor
37%
was
37%
fühl´n
32%
fühlst
32%
glaubst
32%
ihr
32%
Zukunft
26%
liegt
26%
baust
21%
dort
21%
entgegengehen
21%
erwartet
21%
neue
21%
Regeln
21%
Risiko
21%
scheint
21%
selber
21%
Spiel
21%
stellst
21%
groß
16%
Stärke
16%
Keine übereinstimmenden Quizze gefunden
Verteilung der Resultate
Anzahl Personen mit jedem Resultat
Perzentil nach korrekt beantworteten Fragen
Ihre Resultats-Entwicklung
Sie haben dieses Quiz seit der letzten Aktualisierung nicht gespielt